01243nam a2200277 a 450000100060000000300080000600500170001400800410003103500190007204000270009104100080011808200220012624501570014826000660030530000340037150000600040550400300046565000520049570000380054770000310058571000480061694200120066499900170067695201360069395201360082949741BD-RjUL20211209054725.0160822s1966 enka b 100 0 eng  a(BD-RjUL)49861 aDLCcDLCdBD-RjULbeng aeng 223a370bECO 196614aThe economics of education :bproceedings of a conference held by the International Economic Association /cEdited by E. A. G. Robinson and J. E. Vaizey aLondon :bMacmillan ;aNew York :bSt. Martin's Press,cc1966 axvii, 781 p. :bill. ;c23 cm aConference held in Menthon-St.-Bernard, France, in 1963 aBibliographical footnotes 0aEducationxEconomic aspectsxCongresses91491221 aVaizey, John,d1929-1984.91332981 aRobinson, E. A. G.91306402 aInternational Economic Association.9130641 2ddccBK c49741d49741 00102ddc40708NFICaRUCLbRUCLcStackd1968-12-03eZiethlingerg80.00l0o370 ECO 1966r2016-08-22 00:00:00tC-2w2016-08-22yBK 00102ddc40708NFICaRUCLbRUCLcStackd1968-12-03eZiethlingerg80.00l0o370 ECO 1966r2016-08-22 00:00:00tC-3w2016-08-22yBK